书目信息 |
| 题名: |
大型养路机械电子电路技术基础
|
|
| 作者: | 毛必显 , 刘铁军 , 张坤 主编 | |
| 分册: | ||
| 出版信息: | 成都 西南交通大学出版社 2005.10 |
|
| 页数: | 250页 | |
| 开本: | 26cm | |
| 丛书名: | 大型养路机械职工培训系列丛书 | |
| 单 册: | ||
| 中图分类: | U216.68 | |
| 科图分类: | ||
| 主题词: | 铁路养护--tie lu yang hu--养路机械--电子电路--技术教育--教材 | |
| 电子资源: | ||
| ISBN: | 7-81104-161-8 | |
| 000 | 01140nam 2200277 450 | |
| 001 | 012006728182 | |
| 005 | 20060922155630.34 | |
| 010 | @a7-81104-161-8@dCNY27.00 | |
| 100 | @a20060707d2005 km y0chiy0120 ea | |
| 101 | 0 | @achi |
| 102 | @aCN@b510000 | |
| 105 | @aa a 000yy | |
| 200 | 1 | @a大型养路机械电子电路技术基础@Ada xing yang lu ji xie dian zi dian lu ji shu ji chu@f毛必显, 刘铁军, 张坤主编@Fmao bi xian,liu tie jun,zhang kun zhu bian |
| 210 | @a成都@c西南交通大学出版社@d2005.10 | |
| 215 | @a250页@c图@d26cm | |
| 225 | 2 | @a大型养路机械职工培训系列丛书@Ada xing yang lu ji xie zhi gong pei xun xi lie cong shu |
| 320 | @a有书目 (第250页)。 | |
| 330 | @a本书包括电路基础、直流电路分析、电容器、半导体器件、放大电路基础、集成运算放大器的应用、直流稳压电路、数字逻辑基础、逻辑门电路等13章。 | |
| 410 | 0 | @12001 @a大型养路机械职工培训系列丛书 |
| 606 | 0 | @a铁路养护@Atie lu yang hu@x养路机械@x电子电路@x技术教育@j教材 |
| 690 | @aU216.68@v4 | |
| 701 | 0 | @a毛必显@Amao bi xian@4主编 |
| 701 | 0 | @a刘铁军@Aliu tie jun@4主编 |
| 701 | 0 | @a张坤@Azhang kun@4主编 |
| 801 | 0 | @aCN@bQSSK@c20060922 |
| 905 | @a10447@dU216.68@eM335 | |
| 大型养路机械电子电路技术基础/毛必显, 刘铁军, 张坤主编.-成都:西南交通大学出版社,2005.10 |
| 250页:图;26cm.-(大型养路机械职工培训系列丛书) |
| ISBN 7-81104-161-8:CNY27.00 |
| 本书包括电路基础、直流电路分析、电容器、半导体器件、放大电路基础、集成运算放大器的应用、直流稳压电路、数字逻辑基础、逻辑门电路等13章。 |
| ● |
| 相关链接 |
|
|
|
正题名:大型养路机械电子电路技术基础
索取号:U216.68/M335
 
预约/预借
| 序号 | 登录号 | 条形码 | 馆藏地/架位号 | 状态 | 备注 |
| 1 | 594663 | 205946636 | 自科库501/501自科库 49排5列3层/ [索取号:U216.68/M335] | 在馆 | |
| 2 | 594664 | 205946645 | 自科二线400A/400A自科库 25排1列1层/ [索取号:U216.68/M335] | 在馆 | |
| 3 | 594665 | 205946654 | 自科库501/501自科库 49排5列3层/ [索取号:U216.68/M335] | 在馆 |